000 00321nam a2200145Ia 4500
100 _aPalais joseph E
942 _cBK
654 _aFiber optic
245 _aFiber optic communications
260 _bprentice hall
_aNew Jersey
_c1988
082 _a621.3810414
_bPHL
300 _a291
546 _aENGLISH
999 _c25746
_d25746